[Event "Baden-Baden Autumn op"]
[Site "Baden-Baden"]
[Date "2023.11.05"]
[Round "7"]
[White "Aschenberg, Axel"]
[Black "Hinrichs, Paul"]
[Result "0-1"]
[WhiteElo "2037"]
[BlackElo "2223"]
[PlyCount "78"]
[EventDate "2023.11.02"]
[EventType "swiss"]
[EventRounds "7"]
[EventCountry "GER"]
[SourceTitle "CB46_2023"]
[SourceDate "2023.11.15"]
[SourceVersion "1"]
[SourceVersionDate "2023.11.15"]
[SourceQuality "1"]
[WhiteTeam "Germany"]
[BlackTeam "Germany"]
[WhiteTeamCountry "GER"]
[BlackTeamCountry "GER"]

1. Nc3 Nf6 2. e4 e5 3. f4 d5 4. exd5 Nxd5 5. Nxd5 Qxd5 6. fxe5 Qe4+ 7. Be2 Bg4 8. Kf1 Bxe2+ 9. Nxe2 Qf5+ 10. Kg1 Nc6 11. d4 0-0-0 12. Be3 Nxe5 13. Ng3 Qe6 14. h3 Ng6 15. Qg4 Re8 16. Qxe6+ Rxe6 17. Re1 Nh4 18. Bf2 Rxe1+ 19. Bxe1 Bd6 20. Ne4 Nf5 21. Nxd6+ cxd6 22. Bc3 d5 23. g4 Nd6 24. Kg2 Kd7 25. Rf1 Rc8 26. Rf2 f6 27. Re2 Rc4 28. g5 Ne4 29. gxf6 gxf6 30. Re3 b5 31. a3 a5 32. Bxa5 Rxc2+ 33. Kf3 Rxb2 34. Bb4 Rf2+ 35. Kg4 Ke6 36. Kh5 f5 37. Kh6 f4 38. Rb3 Rg2 39. Rf3 Nf6 0-1

[Event "BL2-Sued 2223"]
[Site "Germany"]
[Date "2023.02.26"]
[Round "8.4"]
[White "Hinrichs, Paul"]
[Black "Faerber, David"]
[Result "1-0"]
[WhiteElo "2172"]
[BlackElo "2354"]
[PlyCount "63"]
[EventDate "2022.10.22"]
[EventType "team-tourn"]
[EventRounds "9"]
[EventCountry "GER"]
[SourceTitle "EXT 2024"]
[Source "ChessBase"]
[SourceDate "2023.10.10"]
[SourceVersion "1"]
[SourceVersionDate "2023.10.10"]
[SourceQuality "1"]
[WhiteTeam "Heidesheim"]
[BlackTeam "Walldorf"]
[WhiteTeamCountry "GER"]
[BlackTeamCountry "GER"]

1. d4 Nf6 2. c4 e6 3. Nc3 Bb4 4. e3 0-0 5. Bd3 d5 6. Nf3 dxc4 7. Bxc4 c5 8. 0-0 cxd4 9. exd4 b6 10. Qe2 h6 11. Rd1 Bb7 12. Bf4 Nc6 13. a3 Bd6 14. Ne5 Ne7 15. Nxf7 Rxf7 16. Qxe6 Bxf4 17. Qxf7+ Kh8 18. Re1 Bd6 19. Re6 Qc7 20. Rxf6 gxf6 21. Qxf6+ Kh7 22. Re1 Qc6 23. Qf7+ Kh8 24. Qf6+ Kh7 25. Qf7+ Kh8 26. d5 Qxc4 27. Qf6+ Kg8 28. Qxd6 Nxd5 29. Qg6+ Kf8 30. Qxh6+ Kf7 31. Qh7+ Kf8 32. Qxb7 1-0

[Event "BL2-Sued 2223"]
[Site "Germany"]
[Date "2023.02.04"]
[Round "5.4"]
[White "Hinrichs, Paul"]
[Black "Neuman, Petr"]
[Result "1/2-1/2"]
[WhiteElo "2172"]
[BlackElo "2387"]
[PlyCount "144"]
[EventDate "2022.10.22"]
[EventType "team-tourn"]
[EventRounds "9"]
[EventCountry "GER"]
[SourceTitle "EXT 2024"]
[Source "ChessBase"]
[SourceDate "2023.10.10"]
[SourceVersion "1"]
[SourceVersionDate "2023.10.10"]
[SourceQuality "1"]
[WhiteTeam "Heidesheim"]
[BlackTeam "Bad Mergentheim"]
[WhiteTeamCountry "GER"]
[BlackTeamCountry "GER"]

1. d4 d6 2. c4 e5 3. dxe5 dxe5 4. Qxd8+ Kxd8 5. Nf3 f6 6. Nc3 Be6 7. e4 Nd7 8. Be3 c6 9. 0-0-0 Kc7 10. Be2 Ne7 11. Rd2 Nc8 12. Rhd1 Ncb6 13. Ne1 Bb4 14. Kc2 Nc5 15. Nd3 Nxd3 16. Bxd3 Rhd8 17. b3 a5 18. Be2 Rxd2+ 19. Rxd2 a4 20. Bxb6+ Kxb6 21. Nxa4+ Rxa4 22. bxa4 Bxd2 23. Kxd2 Ka5 24. Kc3 Kxa4 25. Kb2 c5 26. a3 Bd7 27. Bd1+ Ka5 28. Kc3 Bc6 29. Bc2 Kb6 30. g3 Kc7 31. Kd3 Kd6 32. Ke3 Ke7 33. Bd1 g6 34. Bc2 Kf7 35. h4 g5 36. Bd1 Bd7 37. Be2 Be6 38. Kd3 Kg7 39. Ke3 Kh6 40. Kf3 Bd7 41. Bd1 Be8 42. Kg2 Bc6 43. f3 Kg6 44. Bc2 h6 45. hxg5 Kxg5 46. Kf2 h5 47. Kg2 h4 48. Kh3 Bd7+ 49. Kg2 b6 50. Kh2 f5 51. exf5 hxg3+ 52. Kxg3 Bxf5 53. Be4 Bd7 54. Bc2 Be8 55. Be4 Ba4 56. Bd3 Bb3 57. Be2 Bc2 58. Bf1 Bb1 59. Be2 Kf5 60. Bf1 Bc2 61. Bh3+ Kf6 62. Bf1 Kg5 63. Be2 Kf5 64. Bf1 e4 65. f4 Bd3 66. Bxd3 exd3 67. Kf3 d2 68. Ke2 Kxf4 69. Kxd2 Ke4 70. Kc3 Ke3 71. Kb3 Kd4 72. Ka4 Kxc4 1/2-1/2

[Event "BL2-Sued 2223"]
[Site "Germany"]
[Date "2022.11.26"]
[Round "3.4"]
[White "Laurent Paoli, Pierre"]
[Black "Hinrichs, Paul"]
[Result "1-0"]
[WhiteElo "2490"]
[BlackElo "2172"]
[PlyCount "61"]
[EventDate "2022.10.22"]
[EventType "team-tourn"]
[EventRounds "9"]
[EventCountry "GER"]
[SourceTitle "EXT 2024"]
[Source "ChessBase"]
[SourceDate "2023.10.10"]
[SourceVersion "1"]
[SourceVersionDate "2023.10.10"]
[SourceQuality "1"]
[WhiteTeam "Oetigheim"]
[BlackTeam "Heidesheim"]
[WhiteTeamCountry "GER"]
[BlackTeamCountry "GER"]

1. Nf3 d5 2. g3 Nd7 3. d4 b5 4. Bg2 e6 5. 0-0 Ngf6 6. a4 b4 7. c4 bxc3 8. Nxc3 Be7 9. Bf4 Nh5 10. Bd2 Nhf6 11. Qc2 Bb7 12. a5 Rc8 13. Nb5 c5 14. a6 cxd4 15. Qd1 Ba8 16. Ba5 Nb6 17. Nxa7 Rc5 18. b4 Rc4 19. Ne5 Qb8 20. Nxc4 Nxc4 21. Qa4+ Nd7 22. Nc6 Qd6 23. Nxe7 Kxe7 24. b5 Kf6 25. Rfb1 Rb8 26. b6 Ndxb6 27. a7 Rb7 28. Bxb6 Rxb6 29. Qe8 Rxb1+ 30. Rxb1 Nd2 31. Rd1 1-0

[Event "Heusenstamm Schloss op"]
[Site "Heusenstamm"]
[Date "2022.11.19"]
[Round "4"]
[White "Dgebuadze, Alexandre"]
[Black "Hinrichs, Paul"]
[Result "1-0"]
[WhiteElo "2420"]
[BlackElo "2172"]
[PlyCount "61"]
[EventDate "2022.11.17"]
[EventType "swiss"]
[EventRounds "7"]
[EventCountry "GER"]
[SourceTitle "CBM 211 Extra"]
[Source "ChessBase"]
[SourceDate "2023.01.31"]
[SourceVersion "1"]
[SourceVersionDate "2023.01.31"]
[SourceQuality "1"]

1. c4 c6 2. Nf3 d5 3. e3 Nf6 4. Nc3 e6 5. b3 Nbd7 6. Bb2 Bd6 7. Qc2 0-0 8. Be2 a6 9. g4 Nxg4 10. Rg1 f5 11. 0-0-0 Ndf6 12. Rg2 e5 13. h3 Nh6 14. Rdg1 Rf7 15. c5 Bc7 16. Ng5 Rf8 17. f4 e4 18. Nxh7 Kxh7 19. Rxg7+ Kh8 20. Na4 Be6 21. Bd4 Nhg8 22. Qc3 Rc8 23. d3 Ba5 24. b4 Rc7 25. R7g6 Bxb4 26. Qxb4 Rh7 27. dxe4 Rxh3 28. exd5 Qxd5 29. Qxb7 Bf7 30. Rxf6 Nxf6 31. Qe7 1-0

[Event "Heusenstamm Schloss op"]
[Site "Heusenstamm"]
[Date "2022.11.19"]
[Round "5"]
[White "Hinrichs, Paul"]
[Black "Oezdemir, Ali Oezden"]
[Result "1-0"]
[WhiteElo "2172"]
[BlackElo "2048"]
[PlyCount "87"]
[EventDate "2022.11.17"]
[EventType "swiss"]
[EventRounds "7"]
[EventCountry "GER"]
[SourceTitle "CBM 212 Extra"]
[Source "ChessBase"]
[SourceDate "2023.03.31"]
[SourceVersion "1"]
[SourceVersionDate "2023.03.31"]
[SourceQuality "1"]

1. d4 Nf6 2. c4 g6 3. Nc3 Bg7 4. e4 d6 5. Be2 0-0 6. Be3 e5 7. Nf3 Ng4 8. Bg5 f6 9. Bh4 g5 10. Bg3 Nh6 11. dxe5 dxe5 12. Qd5+ Nf7 13. h4 c6 14. Qxd8 Rxd8 15. hxg5 fxg5 16. Rd1 Rxd1+ 17. Kxd1 Na6 18. Nh2 Nc5 19. Bh5 Nd6 20. Re1 Nxc4 21. b3 Nb6 22. Nf3 Nd3 23. Re3 Nf4 24. Bxf4 gxf4 25. Rd3 Bd7 26. Na4 Be8 27. Nxb6 axb6 28. Bxe8 Rxe8 29. Rd7 b5 30. Kc2 Bf8 31. Rxb7 b4 32. Kd3 Re6 33. Kc4 Rg6 34. Nxe5 Rxg2 35. Kd3 h5 36. Ke2 h4 37. Kf3 h3 38. Rd7 Rg1 39. Ng4 Bc5 40. e5 Kf8 41. Rh7 Rh1 42. Kxf4 Bd4 43. Kf5 Bxf2 44. Nf6 1-0

[Event "BL2-Sued 2223"]
[Site "Germany"]
[Date "2022.10.23"]
[Round "2.4"]
[White "Hinrichs, Paul"]
[Black "Womacka, Mathias"]
[Result "1/2-1/2"]
[WhiteElo "2172"]
[BlackElo "2413"]
[PlyCount "60"]
[EventDate "2022.10.22"]
[EventType "team-tourn"]
[EventRounds "9"]
[EventCountry "GER"]
[SourceTitle "EXT 2024"]
[Source "ChessBase"]
[SourceDate "2023.10.10"]
[SourceVersion "1"]
[SourceVersionDate "2023.10.10"]
[SourceQuality "1"]
[WhiteTeam "Heidesheim"]
[BlackTeam "Hofheim"]
[WhiteTeamCountry "GER"]
[BlackTeamCountry "GER"]

1. d4 Nf6 2. c4 e6 3. Nc3 Bb4 4. Qc2 0-0 5. a3 Bxc3+ 6. Qxc3 b6 7. Bg5 Bb7 8. f3 c5 9. dxc5 bxc5 10. Bxf6 Qxf6 11. Qxf6 gxf6 12. e3 Nc6 13. Ne2 Ne5 14. Nc3 d5 15. Na4 Rac8 16. Rc1 dxc4 17. Bxc4 Bc6 18. Nxc5 Bxf3 19. b4 Ba8 20. 0-0 Rcd8 21. Bb3 Rd2 22. Rf2 Rfd8 23. Rxd2 Rxd2 24. Nxe6 Rxg2+ 25. Kf1 fxe6 26. Rc8+ Kf7 27. Rxa8 Rd2 28. Rxa7+ Kg6 29. Bxe6 Nf3 30. h3 Nh2+ 1/2-1/2

[Event "GER Cup final"]
[Site "Magdeburg"]
[Date "2020.08.20"]
[Round "1"]
[White "Hinrichs, Paul"]
[Black "Neyman, Igor"]
[Result "1/2-1/2"]
[WhiteElo "2169"]
[BlackElo "2345"]
[PlyCount "73"]
[EventDate "2020.08.20"]
[EventType "swiss"]
[EventRounds "5"]
[EventCountry "GER"]
[SourceTitle "EXT 2022"]
[Source "ChessBase"]
[SourceDate "2021.10.06"]
[SourceVersion "1"]
[SourceVersionDate "2021.10.06"]
[SourceQuality "1"]

1. d4 d5 2. c4 c6 3. Nc3 Nf6 4. Nf3 e6 5. e3 Nbd7 6. Bd3 dxc4 7. Bxc4 b5 8. Bd3 Bb7 9. 0-0 b4 10. Ne4 Be7 11. Nxf6+ Nxf6 12. a3 a5 13. e4 0-0 14. Qc2 h6 15. e5 Nd7 16. Bh7+ Kh8 17. Be4 Qb8 18. axb4 axb4 19. Be3 c5 20. Bxb7 Qxb7 21. dxc5 Bxc5 22. Bxc5 Rxa1 23. Rxa1 Rc8 24. Qd2 Rxc5 25. Qf4 Kg8 26. h3 Nf8 27. Ra4 Rb5 28. Qd4 Qd7 29. Rxb4 Qxd4 30. Rxd4 Rxb2 31. Rd2 Rb5 32. h4 Ng6 33. Rd8+ Kh7 34. Rd7 Kg8 35. Rd8+ Kh7 36. Rd7 Kg8 37. Rd8+ 1/2-1/2

[Event "Heusenstamm Sparkassen op-A 6th"]
[Site "Heusenstamm"]
[Date "2019.11.24"]
[Round "7"]
[White "Hinrichs, Paul"]
[Black "Hahn, Markus"]
[Result "1-0"]
[WhiteElo "2104"]
[BlackElo "2291"]
[PlyCount "91"]
[EventDate "2019.11.21"]
[EventType "swiss"]
[EventRounds "7"]
[EventCountry "GER"]
[SourceTitle "CBM 193 Extra"]
[Source "ChessBase"]
[SourceDate "2020.01.31"]
[SourceVersion "1"]
[SourceVersionDate "2020.01.31"]
[SourceQuality "1"]

1. d4 f5 2. c4 Nf6 3. Nc3 e6 4. h3 Bb4 5. Qc2 0-0 6. Nf3 Ne4 7. Bd2 Bxc3 8. Bxc3 b6 9. e3 Bb7 10. Bd3 d6 11. 0-0-0 Qe7 12. Ne1 Nd7 13. f3 Nxc3 14. Qxc3 e5 15. Nc2 Rae8 16. Rhe1 Qg5 17. Qd2 Qg3 18. e4 f4 19. dxe5 dxe5 20. Bf1 Rd8 21. Qc3 Qg5 22. Rd2 Nc5 23. b4 Rxd2 24. Kxd2 Ne6 25. c5 bxc5 26. bxc5 Bc8 27. Kc1 Rd8 28. Rd1 Rxd1+ 29. Kxd1 Kf7 30. Qc4 Qe7 31. c6 Qd6+ 32. Qd5 Qxd5+ 33. exd5 Nd4 34. Na3 Bf5 35. Nc4 Kf6 36. Kd2 Bb1 37. d6 Nxc6 38. dxc7 Ne7 39. Nd6 Bxa2 40. c8Q Nxc8 41. Nxc8 a5 42. Nb6 h5 43. h4 g5 44. Nd7+ Ke6 45. Nc5+ Kd5 46. Ne4 1-0